[Event "FIDE World Cup 9-12"]
[Site "Khanty-Mansiysk"]
[Date "2005.12.14"]
[Round "6.4"]
[White "Vallejo Pons, Francisco"]
[Black "Kamsky, Gata"]
[Result "0-1"]
[WhiteElo "2674"]
[BlackElo "2690"]
[Annotator "Mikhalevski,V"]
[PlyCount "90"]
[EventDate "2005.11.27"]
[EventType "k.o."]
[EventRounds "7"]
[EventCountry "RUS"]
[SourceTitle "CBM 111"]
[Source "ChessBase"]
[SourceDate "2006.04.04"]
[SourceVersion "1"]
[SourceVersionDate "2006.04.04"]
[SourceQuality "1"]

1. d4 Nf6 2. c4 g6 3. Nc3 Bg7 4. e4 d6 5. Nf3 O-O 6. Be2 c6 7. O-O a6 {[%cal
Gb7b5] A rare line. This way Black prepares b5 in order to strike White's
centre from queenside.} 8. e5 {A binding line, which is not really necessary
against Black's flank agression.} ({In my opinion a quiet} 8. h3 $5 {is better.
}) 8... dxe5 9. Nxe5 {Vallejo prepares to support the centre with Be3.} ({
White was also better in the following recent game after} 9. dxe5 Nfd7 10. Bf4
Qc7 11. Qd4 $14 {Mukhlisov,V-Fedoseev,S/St Petersburg RUS 2005.}) 9... Be6 {
[%cal Gb8d7] Black develops the light-squared bishop and prepares Nbd7.} (9...
Nfd7 {Earlier or later Black has to challenge the strong knight on e5.} 10. Nf3
{Making development of Black's queenside difficult.} b5 11. Be3 {A useful move
in this pawn structure.} Nb6 12. b3 Bg4 13. Ne5 $1 Bxe2 14. Qxe2 $14 {Pinter,
J-Georgiev,K/Baile Herculane 1982.}) ({In case of the immediate} 9... Nbd7 {
White can also play} 10. Nf3 $5 {and Black's light-squared bishop remains out
of play.}) 10. Be3 {[%csl Gd4] This is the best square for the bishop, which
in according to all classical rules has to support the base of construction,
which is the d4-pawn.} ({White also tested other logical continuations like} 
10. Re1 Nbd7 11. Bf4 Re8 12. Qd2 Qa5 $6 13. b4 $1 Qd8 14. a4 $14 {Hansen,
C-Kristensen,B/Esbjerg 1982.} (14. Qe3 $5 $14)) ({and} 10. Bf4 b5 11. Qd2 bxc4
12. Rfd1 ({The immediate} 12. Nxc4 {not defining position of the rooks looks
simplier.}) 12... Nd5 13. Bh6 Nb6 14. Ne4 $36 {Bolbochan,J-Liebert,H/Siegen
1970. with initiative for the pawn.}) 10... Nbd7 ({The following game turned
out to be a disaster for Black.} 10... b5 11. b3 Qa5 12. Rc1 Rd8 $2 ({Also
after a more logical} 12... Nfd7 13. f4 $14 {White is better.}) 13. Bf3 Nfd7 $2
{Probably that was not Cifuentes' day. Otherwise I can't explain his play in
this game.} ({Black had to accept his mistake and play} 13... Rc8 $16) 14. Bxc6
$18 Nxc6 15. Nxc6 {[%csl Ra5,Rd8] Flear,G-Cifuentes Parada,R/Wijk aan Zee 1988.
}) 11. h3 {[%csl Gg4] A useful move. White prepares for series of exchanges by
covering the g4-square and preventing Ng4.} ({Now when the c6-pawn is not
protected White can attack the b7-pawn.} 11. Qb3 {Black has no good defences
of the pawn and so he has to exchange the knights on e5.} Nxe5 (11... Rb8 $2
12. Bf4) 12. dxe5 Nd7 13. f4 b5 14. Ne4 $14) 11... Rc8 $1 {[%csl Rc6][%cal
Gb7b5] Black's idea behind the move is obvious. He protects the c6-pawn and
prepares b5 trying to fight for the d5-square.} ({Now after} 11... Nxe5 12.
dxe5 Qxd1 13. Raxd1 {Black can't jump to g4.} Nd7 14. f4 $14 {with a very
pleasant position for White.}) 12. Nf3 {A logical retreat. Having a space
advantage Vallejo decides to save as many pieces as possible.} (12. a4 $5 {
preventing b5 has a positional drawback-it weakens the b4-square, however it
would be a logical follow-up of play started by White on the 8th move.}) 12...
b5 $1 13. c5 {[%csl Rd5] First achievement for Black who gets the d5-square
for his pieces.} ({In case of} 13. d5 $6 cxd5 14. cxd5 Bf5 15. Nd4 Ne5 $1 16.
Nxf5 gxf5 17. Bd4 Qd6 $132 {Black obtains serious counterplay.}) ({The line} 
13. b3 Nb6 14. Ne5 Nfd7 15. Ne4 $5 {[%csl Rb6] deserved attention.}) 13... Nd5
(13... b4 {[%csl Rc4] would weaken Black's pawn structure on the queenside and
give up the c4-square for white pieces.} 14. Nb1 a5 15. Nbd2 {[%cal Gd2c4]})
14. Bg5 h6 15. Bh4 N7f6 $11 {[%cal Gf6h5,Gh5f4] Black has solved opening
problems. He is very solid, obtained control in the centre and prepares Nh5-f4
manoeuvre. The position starts to remind me of a good version of Chebanenko
variation (a line with a6) in the Slav defense.} 16. a4 Nh5 {[%cal Gh5f4] The
knight goes to f4.} ({Black could destabilize position with} 16... Nxc3 17.
bxc3 g5 18. Bg3 Ne4 19. Qd3 Nxg3 20. fxg3 $13 {with an unclear play, but
preffered a quieter approach.}) 17. Ne5 {[%cal Ge2f3] leaving the f3-square
for the light-squared bishop.} Nhf4 18. Bf3 Nxc3 19. bxc3 Bxe5 20. dxe5 Bd5 {
[%csl Rc3,Rc5,Re5] After series of exchanges White remained with a destroyed
pawn structure and a "bad" bishop versus a good knight. Now he has to look how
to compensate these positional drawbacks of his position.} 21. axb5 axb5 22.
Ra6 ({I believe Vallejo had to try to exchange his weak c3-pawn.} 22. Bg3 $5
Bxf3 23. Qxf3 Ne6 24. c4 $5 bxc4 25. Rfd1 Qc7 26. Qe3 Kg7 27. Rdc1 {and White
partly compensated his bad bishop by space advantage.}) 22... Re8 {[%csl Re7]
[%cal Gd5f3] Black protects the e7-pawn and prepares an exchange of the
light-squared bishops and queens followed by attack of the c5-pawn.} 23. Bg3
Bxf3 ({Although after} 23... Ne6 24. Bg4 Ra8 25. Rxa8 Qxa8 26. Bxe6 Bxe6 $15 {
Black is slightly better, Kamsky prefers to avoid a position with bishops of
opposite colours.}) 24. Qxf3 Ne6 {[%csl Rc5] It's interesting that White
hasn't made any obvious mistake, but his position is already slightly worse.}
25. h4 $2 {Underestimating Black's idea.} (25. Rd1 {preventing Qd5 was
necessary.} Qc7 26. c4 $1 (26. Rda1 Qd7) 26... bxc4 27. Ra4 {with chances to
keep the position.}) (25. Rxc6 $2 {loses to} Ng5 {[%csl Rc6,Rf3]}) 25... Qd5 $1
26. Qxd5 cxd5 {[%csl Rc3,Rc5]} 27. c6 Rc7 $1 28. Rd1 $6 {White attacks a wrong
pawn which Black protects without problems.} (28. Rb1 Nc5 29. Ra5 (29. Rb6 Rec8
) 29... Rxc6 $15) 28... Nc5 $1 {I wonder whether he missed this move.} 29. Ra5
e6 $1 {Certainly Black keeps the d5-pawn.} 30. Rxb5 Rxc6 $17 {[%csl Rc3,Rg3]
[%cal Gc5e4] Superiority of the black knight over the bishop and weakness of
the c3-pawn allow us to evaluate the position as a clear advantage for Black.
In the rest of the game Kamsky leaves White no chances.} 31. Bf4 Ne4 32. Re1
Nxc3 33. Rb7 Kg7 34. Kh2 Rec8 35. Ra1 {[%cal Ga1a7]} R6c7 {Preventing White's
only counterplay along the seventh rank.} 36. Rb3 d4 (36... Rc4 $5) 37. Bd2 Ne4
38. Be1 Rc1 39. Rbb1 Rxb1 40. Rxb1 d3 41. f3 $2 {Loses on the spot.} (41. Rd1 {
was necessary with some practical chances.}) 41... d2 $1 {[%cal Gc8c1]} 42.
fxe4 Rc1 $1 $19 43. Bxd2 Rxb1 44. Kg3 Rb3+ 45. Kg4 $6 Rb2 {[%csl Rg2]} 0-1

[Event "FIDE World Cup 9-16"]
[Site "Khanty-Mansiysk"]
[Date "2005.12.09"]
[Round "5.1"]
[White "Kamsky, Gata"]
[Black "Sakaev, Konstantin"]
[Result "1-0"]
[WhiteElo "2690"]
[BlackElo "2668"]
[Annotator "Gofshtein,L"]
[PlyCount "74"]
[EventDate "2005.11.27"]
[EventType "k.o."]
[EventRounds "7"]
[EventCountry "RUS"]
[SourceTitle "CBM 111"]
[Source "ChessBase"]
[SourceDate "2006.04.04"]
[SourceVersion "1"]
[SourceVersionDate "2006.04.04"]
[SourceQuality "1"]

{[%mdl 4]} 1. e4 c5 2. Nf3 d6 3. d4 cxd4 4. Nxd4 Nf6 5. Nc3 a6 6. Bg5 e6 7. f4
Qb6 8. Nb3 (8. Qd2 {is a thoroughly analyzed line, White sacrifices the pawn,
but gets an enduring initiative.}) 8... Be7 (8... Qe3+ 9. Qe2 Qxe2+ 10. Bxe2 {
This ending favours White, he has a great development advantage.}) 9. Qf3 Nbd7
10. O-O-O Qc7 11. Bd3 {This is one of the most popular positions in Naidorf,
of course, there are plenty other lines, on almost every move.} (11. Qh3 $5 {
for this interesting move see the game Naiditsch,A - Smeets, J Corus 2006}) (
11. g4 {also a very popular line, the position is quite compicated, here are a
few examples, of how the game may continue:} b5 (11... h6 12. Bh4 g5 13. fxg5
Ne5 14. Qg3 Nfxg4 15. gxh6 Bxh4 16. Qxh4 Rxh6 17. Qg3 Bd7 18. Be2 Rg6 19. h4 {
and White got a clear advantage due to his passed h-pawn, 1/2-1/2 Nikitin,
A-Petrosian,A/Dortmund 1993/TD (41)}) 12. Bxf6 Nxf6 13. g5 Nd7 14. a3 Rb8 15.
h4 b4 16. axb4 Rxb4 17. Na2 Rb6 18. Qc3 Qxc3 19. Nxc3 h6 20. Be2 Bb7 {with a
fine ending for Black, the game soon ended in a draw 1/2-1/2 Topalov,
V-Kasparov,G/Novgorod 1997/CBM 060 (29)}) 11... b5 {Black also has 11...h6,
which is less popular but looks not bad, as the next games show.} (11... h6 12.
Bh4 (12. Qh3 Rg8 {preparing to meet Bh4 with g7-g5!} 13. Bxf6 Bxf6 14. e5 dxe5
15. f5 Bg5+ 16. Kb1 Nf6 17. Rhf1 Bd7 18. fxe6 Bxe6 19. Bf5 Bc4 20. Bd3 Be6 21.
Bf5 Bc4 {1/2-1/2 Fontaine,R-Kulaots,K/Stockholm 2004/CBM 097 ext (21)}) 12...
g5 {this is one of Black's ideas in this line, he wants to secure the e5
square for his knight and deflects the white f4 pawn.} 13. Bf2 (13. Bg3 gxf4
14. Bxf4 Ne5 15. Qe2 b5 16. a3 Rb8 17. Rhf1 Nfd7 {1/2-1/2 Timman,J-Ljubojevic,
L/Tilburg 1984/MCD (17)}) 13... gxf4 14. Qxf4 b5 15. Kb1 b4 16. Ne2 Bb7 {
and Black is surely isn't worse, 0-1 Leko,P-Anand,V/Leon 2001/CBM 084/(25)})
12. Rhe1 {White had also a2-a3, which stops b5-b4, but weakens somewhat
White's kingside position and allows Black to play Rb8 followed by b5-b4.} (12.
a3 Rb8 13. Rhe1 h6 (13... b4 14. axb4 Rxb4 15. Kb1 Bb7 16. Qh3 Nc5 17. Nxc5
dxc5 {with a complicated game 1/2-1/2 Leko,P-Kasparov,G/Linares 2001/CBM 82_01
(55)}) 14. Qh3 e5 15. f5 b4 16. axb4 Rxb4 {with mutual chances 1/2-1/2 Leko,
P-Polgar,J/Linares 2001/CBM 082/(27)}) 12... b4 {Kamsky played this line as
White, 3 times in this tournament and scored 1 out of 3, dissapointingly. In
his earlier game against Smirin, he played 13.Nb1 but lost after an
interesting battle, this time he has probably decided that he should keep the
knight closer to the centre and retreats to e2, which looks more logical.} 13.
Ne2 (13. Nb1 Bb7 14. Qh3 a5 15. Nd4 Nc5 $6 (15... a4 {was definitely stronger})
16. Bb5+ (16. Bxf6 $1 gxf6 (16... Bxf6 $2 {The problem is that Black can't
recapture with the bishop, since after} 17. Nb5 Qb6 18. Nxd6+ {White is winning
}) 17. Bb5+ {with a big advantage for White.}) 16... Kf8 17. Nd2 Rc8 18. e5
dxe5 19. fxe5 Nfe4 20. Nxe4 Bxe4 21. Bxe7+ Qxe7 22. Kb1 h5 {and Black has
solved his opening problems, 0-1, Kamsky,G-Smirin,I/Khanty Mansyisk RUS 2005/
The Week in Chess 578 (49)}) 13... Bb7 14. Kb1 {A prophylactic move, before
starting any activity, White brings his king to safety.} (14. Ned4 {in his
game against Vallejo, later in the tournament, Kamsky played this move and
lost after a fascinating struggle, though not because of the opening, the game
continued with} Nc5 15. Kb1 O-O 16. g4 Rac8 17. Qh3 Nxd3 18. cxd3 a5 19. Bxf6
Bxf6 20. g5 Be7 21. Qe3 Ba6 22. Rc1 Qb6 {and black is fine 0-1 Kamsky,
G-Vallejo Pons,F/Khanty Mansyisk RUS 2005 (62)}) 14... h6 (14... Nc5 {this
move also deserves attention, it is not clear how White can get an advantage.}
15. Nxc5 dxc5 16. Bxf6 (16. c4 O-O-O {the black king is safe on the queenside
now} 17. Nc1 h6 18. Bxf6 Bxf6 19. Nb3 a5 20. Qh5 a4 21. Nc1 g6 22. Qg4 Rd4 {
and Black is already better, 0-1 Mullon,J-Agrest,E/Bastia FRA 2005 (38)}) 16...
Bxf6 17. Bc4 O-O 18. g4 g5 19. Qe3 Rad8 20. fxg5 Bg7 {[%cal Gc7e5]} 21. Qg3 Be5
22. Qg2 Rxd1+ 23. Rxd1 Rd8 24. Rf1 Bxh2 {and Black didn't have any problems,
0-1 Stolz,M-Petrosian,A/Germany 1993/GER-chT2 (40)}) 15. Bh4 a5 16. Ned4 a4 (
16... Nc5 $2 {This is bad now, as White has a strong reply.} 17. Bxf6 $1 {
and Black can't recapture with the bishop.} gxf6 (17... Bxf6 $2 18. Nb5 Qb6 19.
Nxd6+ $18) 18. Qh5 $1 {and White has strong pressure.}) 17. Nb5 {White frees
the d4 square for his second knight.} Qb8 18. N3d4 Nc5 {Black doesn't hurry
with the castle, as he feels that his king is safer in the centre and he can
always castle in case of any immediate danger.} 19. g4 b3 20. c4 $2 {allows
Black to make a beautiful strike that gives him the edge.} (20. Ka1 {was
better, avoiding any opening of the position}) 20... bxa2+ $2 {Black misses
his chance, after 20...Nfxe4 black is better in all lines.} (20... Nfxe4 21.
Bxe4 (21. Bxe7 Nc3+ $1 {this is the pointe} 22. bxc3 Bxf3 23. Bxd6 Bxd1 24.
Bxb8 Bxg4 {[%cal Gc5d3,Ga8b8] both white bishops are hanging} 25. Nc7+ Kd7 26.
Nxa8 Rxb8 27. Be4 Nxe4 28. Rxe4 bxa2+ 29. Kxa2 Rxa8 {and Black has a large
edge in the endgame.}) 21... Nxe4 22. Rxe4 Bxh4 (22... Bxe4+ $2 23. Qxe4 Bxh4
24. Nc7+ Qxc7 25. Qxa8+ Qd8 26. Qxa4+ Qd7 27. axb3 $1 {and White is probably
winning.}) 23. Rxe6+ {even this swindle doesn't help White.} (23. Nf5 O-O 24.
Nxh4 f5 25. gxf5 exf5 {and again Black has the upper hand, due to the pin.})
23... fxe6 24. Qxb7 Qxb7 25. Nxd6+ Ke7 26. Nxb7 bxa2+ 27. Kxa2 Rhc8 {[%csl Rb7]
[%cal Gc8c7] and Black is much better.}) 21. Kxa2 O-O {Black's position is
still quite well.} 22. g5 hxg5 (22... Nxd3 $2 {this "intermediate" move leads
to a loss.} 23. gxf6 Nxe1 24. Qg3 {and White stays with extra material.}) 23.
Bxg5 Rc8 {a logical move, Black brings the rook closer to the enemy's king.}
24. Qh3 {A cunning trap, White offers black the pawn on e4.} (24. Bc2 {was an
alternative, saving the bishop from exchanging, but Black has a few ways to
continue.} Nb3 $1 {A nice move, Black wants to open the a-file on the white
king and also attacks the pawn on c4.} (24... Ncxe4 $2 25. Bxe4 Bxe4 26. Rxe4
Nxe4 27. Qxe4 {is much better for White.}) (24... Na6 $5 {in order to bring
the knight to b4 and to attack Pc4 also deserves attention}) 25. Qe2 (25. Nxb3
$4 {taking the knight is suicidal} axb3+ 26. Kxb3 d5) 25... Nxd4 26. Rxd4 e5 {
and Black is more comfortable.}) 24... Nxd3 {not falling for the trap, of
course} (24... Bxe4 $2 25. Bxf6 $1 {This is the key move, white wins in all
the lines.} Bxd3 (25... Nxd3 26. Bxg7 $1 Bh7 27. Rg1 {with mate}) 26. Bxg7 $1
Kxg7 (26... Bxc4+ 27. Ka3 {suddenly this is the safest place for the white king
} Kxg7 28. Rg1+ Bg5 29. fxg5 Rh8 30. Qc3 {and White is winning.}) 27. Rxd3 Rh8
28. Rg1+ Kf6 29. Qg2 Qg8 30. Rg3 {with decisive attack} Qh7 31. f5 e5 32. Nc7
$18) 25. Qxd3 Rc5 {activating the rook.} 26. Ka1 Bd8 {and now transferring the
bishop to a better position} 27. e5 {White breaks in the centre, what should
have led to an unclear complications, suddenly leads to an easy victory for
White.} dxe5 28. fxe5 Ne4 $2 {Throwing away the game, it's not clear what
Black has miscalculated, since now White simply gets an extra material, 28...
Rxe5 was called for.} (28... Rxe5 29. Bf4 {This is White's idea.} Rxe1 30. Bxb8
Be4 31. Qd2 Ba5 32. Qc1 (32. Nc3 Bxc3 33. bxc3 Rxd1+ 34. Qxd1 Rxb8 {is also
fine for Black.}) 32... Rxd1 33. Qxd1 Rxb8 {The material is about equal here,
and both sides have positional pluses, so this position is probably a dynamic
equality.}) 29. Bxd8 Qxd8 (29... Nf2 {is refuted by} 30. Qg3 (30. Qa3 {should
also win}) 30... Nxd1 31. Bf6 Qf8 32. Rxd1 {and White has a decisive attack.})
30. Rxe4 Bxe4 31. Qxe4 Rxc4 32. Nd6 {Now White is superior in the centre and
also plans an attack on the kingside, the outcome of the game is decided.} Rb4
33. Qf3 $1 (33. Nxf7 {is inaccurate, Black has a very nice idea.} a3 $1 (33...
Kxf7 $2 34. Qf3+ Kg8 35. Nc6 {[%cal Gc6b4,Gc6d8] wins immideatly}) 34. Nxd8
axb2+ 35. Kb1 Ra1+ 36. Kc2 Rxd1 37. Kxd1 b1=Q+ 38. Qxb1 Rxb1+ {allows Black
substantial drawing chances.}) 33... a3 (33... Qf8 {couldn't save Black as
well.} 34. Nc6 Rh4 35. Rf1 {threatening Ne7 followed by Qd3} a3 36. Ne7+ Kh7
37. Qd3+ $18) 34. b3 Ra7 35. Nc6 Qg5 36. Ne4 $1 (36. Nxb4 $4 {never too late
to make a mistake} Qxe5+ {with mate}) 36... Rxe4 37. Qxe4 Rd7 {Black resigned,
White can even simply take the rook:} (37... Rd7 38. Rxd7 Qc1+ 39. Qb1 Qc3+ 40.
Ka2 $18) 1-0

[Event "Corus"]
[Site "Wijk aan Zee"]
[Date "2006.01.14"]
[Round "1"]
[White "Topalov, Veselin"]
[Black "Kamsky, Gata"]
[Result "1-0"]
[WhiteElo "2801"]
[BlackElo "2686"]
[Annotator "Finkel,A"]
[PlyCount "49"]
[EventDate "2006.01.14"]
[EventType "tourn"]
[EventRounds "13"]
[EventCountry "NED"]
[EventCategory "19"]
[SourceTitle "CBM 111"]
[Source "ChessBase"]
[SourceDate "2006.04.04"]
[SourceVersion "1"]
[SourceVersionDate "2006.04.04"]
[SourceQuality "1"]

1. e4 d5 2. exd5 Nf6 3. Nf3 Nxd5 4. d4 Bf5 5. Bd3 Bxd3 6. Qxd3 e6 7. O-O Nc6 8.
c4 Nb6 (8... Nf6 9. Nc3 Be7 10. Bf4 O-O 11. Rad1 Qd7 12. Ne5 Qe8 13. Qf3 Bd6
14. c5 $14 {Mikhalchishin,A-Ubilava,E/Rostov on Don 1980}) 9. Nc3 Be7 10. Bf4
g5 $2 {Breaking one of the most important principles of opening strategy -
Black starts active operations before taking care of the king. Against a
player of Topalov's caliber one can't afford himself such a luxury!} (10... O-O
11. Rad1 Bf6 12. Ne4 Rc8 $6 13. Nfg5 Bxg5 14. Nxg5 g6 15. d5 exd5 16. cxd5 Nb4
17. Qh3 $16 {Skrjabin,I-Parkkinen,J/Kajaani 1999}) 11. Bg3 g4 12. Ne5 Nxd4 {
Black wins a pawn, but his king won't be safe till the end of the game...} ({
No better was} 12... Qxd4 13. Qe2 Qc5 14. Ne4 Qb4 15. b3 h5 16. Rfd1 $36 {
[%csl Rb4,Re8,Rh8]}) 13. c5 $1 {The most accurate way to meet Black's
advanturous play.} ({Another promising alternative was} 13. Rad1 $5 c5 14. Ne2
h5 15. Nxd4 cxd4 16. c5 $1 $16 {[%cal Gd3b5]}) 13... Bxc5 14. Rad1 {[%csl Rd4]
[%cal Gd1d8]} O-O (14... f6 15. Nxg4 Nd7 16. Nb5 $1 $16) 15. Ne4 Be7 16. Nxg4
$1 $16 {Intending to decide the game by a direct attack on Black's king.} (16.
Qxd4 Qxd4 17. Rxd4 c5 18. Rdd1 f5 19. Nd7 fxe4 20. Nxf8 Rxf8 21. Rfe1 $16)
16... c5 (16... Nf5 17. Qc3 Nd5 18. Rxd5 exd5 19. Nef6+ Kh8 20. Be5 $18) (16...
f5 17. Nh6+ Kg7 18. Be5+ Kxh6 19. Qh3+ Kg6 20. Bxd4 Nd5 21. Nc3 $16 {[%csl Re6,
Rg6][%cal Gd1d3,Gd3g3]}) 17. b4 $6 {It takes Fritz a second to find a forced
win!} (17. Be5 $1 {[%cal Gg4h6]} f6 18. Ng5 Nf5 (18... fxg5 19. Nh6#) 19. Nh6+
$18) 17... Nd5 18. bxc5 $6 {He misses the same forced win again!} (18. Be5 $1
Nf5 19. Nh6+ Nxh6 20. Qg3+ $18) 18... Nf5 19. Qf3 {[%cal Gd1d5,Gg3d6]
Unfortunately for Kamsky his position remains hopeless.} Rc8 20. Bd6 Nxd6 (
20... Bxd6 21. Rxd5 exd5 22. Nef6+ Kg7 23. Qxf5 $18) (20... Rc6 21. Rxd5 exd5
22. Qxf5 dxe4 23. Nh6+ Kg7 24. Qe5+ Bf6 25. Qh5 $16) 21. cxd6 Bh4 22. d7 Rc6 (
22... Rc7 23. Rxd5 exd5 24. Nef6+ Bxf6 25. Nxf6+ Kg7 26. Ne8+ Rxe8 27. dxe8=Q
Qxe8 28. Qg3+ $18) 23. Ne5 Rc7 24. Qg4+ Kh8 25. Nd6 1-0